The Physics of non-thermal radio sources (Record no. 7071)
[ view plain ]
| 000 -LEADER | |
|---|---|
| fixed length control field | 00846nam a2200217Ia 4500 |
| 003 - CONTROL NUMBER IDENTIFIER | |
| control field | IN-BaIIA |
| 008 - FIXED-LENGTH DATA ELEMENTS--GENERAL INFORMATION | |
| fixed length control field | 211028s9999 xx 000 0 eng d |
| 020 ## - INTERNATIONAL STANDARD BOOK NUMBER | |
| International Standard Book Number | 90-277-0753-7 |
| 040 ## - CATALOGING SOURCE | |
| Transcribing agency | IIA Library |
| 080 ## - UNIVERSAL DECIMAL CLASSIFICATION NUMBER | |
| Universal Decimal Classification number | 52-77 |
| Item number | THE |
| 111 ## - MAIN ENTRY--MEETING NAME | |
| Meeting name or jurisdiction name as entry element | NATO Advanced Study institute |
| Location of meeting | Urbino,Italy |
| Date of meeting or treaty signing | 1975 June 29-July 13 |
| 9 (RLIN) | 12105 |
| 245 #4 - TITLE STATEMENT | |
| Title | The Physics of non-thermal radio sources |
| Remainder of title | proceedings of the NATO Advanced Study Institute held in Urbino,Italy, June 29-July 13 1975 |
| Statement of responsibility, etc. | edited by Giancarlo Setti |
| 260 ## - PUBLICATION, DISTRIBUTION, ETC. | |
| Place of publication, distribution, etc. | Dordrecht-Holland |
| Name of publisher, distributor, etc. | D. Reidel Publishing |
| Date of publication, distribution, etc. | 1976 |
| 300 ## - PHYSICAL DESCRIPTION | |
| Extent | viii, 287p. |
| 650 ## - SUBJECT ADDED ENTRY--TOPICAL TERM | |
| Topical term or geographic name entry element | Astronomy and Astrophysics thesaurus |
| 650 ## - SUBJECT ADDED ENTRY--TOPICAL TERM | |
| Topical term or geographic name entry element | Extragalactic radio sources |
| 9 (RLIN) | 3899 |
| 650 ## - SUBJECT ADDED ENTRY--TOPICAL TERM | |
| Topical term or geographic name entry element | Radio sources |
| 9 (RLIN) | 3666 |
| 650 ## - SUBJECT ADDED ENTRY--TOPICAL TERM | |
| Topical term or geographic name entry element | Radio Stars |
| 9 (RLIN) | 11327 |
| 700 ## - ADDED ENTRY--PERSONAL NAME | |
| Personal name | Setti, Giancarlo., ed. |
| 9 (RLIN) | 8980 |
| 942 ## - ADDED ENTRY ELEMENTS (KOHA) | |
| Koha item type | Books |
| Withdrawn status | Lost status | Damaged status | Not for loan | Home library | Current library | Shelving location | Date acquired | Total Checkouts | Full call number | Barcode | Date last seen | Date last checked out | Price effective from | Koha item type |
|---|---|---|---|---|---|---|---|---|---|---|---|---|---|---|
| IIA Library-Bangalore | IIA Library-Bangalore | General Stacks | 21/05/1982 | 1 | 52-77/ THE | 7851 | 28/03/2023 | 28/04/2022 | 21/05/1982 | Books |